Pokemon Fabuleux - Statistiques

Statistiques générales
  • Ce quiz a été pris 40 fois
  • Le résultat moyen est 19 sur 23
Statistiques - réponses
Par images Réponse % Correct
Mew
100%
Celebi
97%
Arceus
94%
Darkrai
94%
Genesect
88%
Hoopa
88%
Jirachi
88%
Shaymin
88%
Victini
88%
Manaphy
85%
Deoxys
82%
Magearna
79%
Marshadow
79%
Meloetta
79%
Phione
79%
Melmetal
76%
Meltan
76%
Volcanion
76%
Keldeo
74%
Diancie
71%
Zeraora
71%
Zarude
59%
Pêchaminus
56%
Aucun quiz correspondant
Distribution des résultats
% des personnes avec chaque résultat
Percentile par nombre de réponses
Votre historique - résultats
Vous n’avez pas pris ce quiz